01398nab a22002657a 4500003000400000005001700004008004100021040000700062100003400069245018500103260007300288300001500361500007300376505023500449505008900684650002300773650005200796650002900848650002700877650001900904650002800923700002500951700002200976773013400998OSt20260130212347.0190603e xxum|||| |||| 00| 0 spa d cPJ aSaruwatari Zavala, Garbiñe 10aSharenting :bdesafío a la protección del derecho a la privacidad de los niños, niñas y adolescentes /cGarbiñe Saruwatari Zavala, Fernanda M. Ledesma y Claude Vergès.  cCiudad Autónoma de Buenos Aires :aThomson Reuters La Ley, b2025. ap. 110-124 aCita: TR LALEY AR/DOC/2270/2025 Publicado en: RCCyC 2025 (Octubre). aSumario: I. Introducción.— II. Uso de redes sociales.— III. Sharenting e inteligencia artificial.— IV. Situación problemática del sharenting.— V. Protección de datos frente al sharenting.— VI. Reflexión final.  t¿Te interesa el texto completo? Solicitalo al correo: koha@justierradelfuego.gov.ar 0aDERECHO DE FAMILIA 0aDERECHOS DE LAS NIÑAS, NIÑOS Y ADOLESCENTES 0aRESPONSABILIDAD PARENTAL 0aDERECHO A LA INTIMIDAD 0aREDES SOCIALES 0aINTELIGENCIA ARTIFICIAL aLedesma, Fernanda M. aVergès, Claude 0 02713dCiudad Autónoma de Buenos Aires : Thomson Reuters La Ley, 2015-tRevista Código Civil y Comercial. Nº 5 - Octubre 2025